00954nam a22002652a 450000100060000000300080000600500170001400800410003103500190007204000320009104100080012308200210013110000280015224500620018026000410024230000250028350000590030850400370036765000380040465000530044265000300049594200120052599900170053795201340055434584BD-RJUL20211209052201.0140518t1970 ii b 001 0 eng d a(BD-RjUL)34678 aDLCcDLCdEQOdBD-RjULbeng aeng04a301.44bPAC 19701 aParanjpe, A. C.910521010aCaste, prejudice, and the individual /cby A. C. Paranjpe aBombay :bLalvani Pub. House,c1970. axvi, 236 p. ;c23 cm aA revision of the author's thesis, University of Poona aIncludes bibliography and index. 0aCastezIndiazMaharashtra9105211 0aCollege studentszIndiaxConduct of life9105212 0aPrejudiceszIndia9105213 2ddccBK c34584d34584 00102ddc40718NFICaRUCLbRUCLcReadingd1974-06-21eIndia Govt.l0o301.44 PAC 1970r2014-05-18 00:00:00tC-1w2014-05-18yBK